000
00347nam a2200157Ia 4500
001
7901
008
140321s9999 xx 000 0 und d
040
_c
PK-LaUMT
082
_a
297
_b
MAH-I
100
_a
Mahmud Barelvi
245
_a
Islam and world religions
_c
Mahmud Barelvi
260
_c
1992
300
_a
320 p.
546
_a
EN
942
_c
BK
999
_c
9296
_d
9296